Представление документа в формате RUSMARC

ПолеНазваниеЗначение
  Тип записи a
  Библиографический уровень m
001 Контрольный номер 211de7cd31484f77abddb04f2541cae3
005 Дата корректировки 20251215102742.9
010 Индекс ISBN __
a ISBN 978-5-16-013219-8
200 Заглавие и сведения об ответственности 1_
a Заглавие Внешнеэкономическая деятельность организации
e Сведения, относящиеся к заглавию учеб.
f Первые сведения об ответственности Александр Александрович Чурсин, С. Ю. Муртазалиева
b Общее обозначение материала Текст
210 Выходные данные 1_
c Издательство ИНФРА-М
a Место издания Москва
d Дата издания 2023
215 Физическое описание __
a Объем 332 с.
225 Серия 2_
a Серия Высшее образование. Магистратура
610 Ключевые слова 0_
a Ключевые слова внешнеэкономическая деятельность
610 Ключевые слова 0_
a Ключевые слова экономическая дипломатия
610 Ключевые слова 0_
a Ключевые слова таможенное дело
610 Ключевые слова 0_
a Ключевые слова контракт
610 Ключевые слова 0_
a Ключевые слова транспортное обеспечение
610 Ключевые слова 0_
a Ключевые слова маркетинг во внешнеэкономической деятельности
610 Ключевые слова 0_
a Ключевые слова перевозки
610 Ключевые слова 0_
a Ключевые слова иностранные инвестиции
610 Ключевые слова 0_
a Ключевые слова внешнеторговые сделки
610 Ключевые слова 0_
a Ключевые слова внешнеторговые операции
610 Ключевые слова 0_
a Ключевые слова факторинг
610 Ключевые слова 0_
a Ключевые слова кредитование
610 Ключевые слова 0_
a Ключевые слова международный маркетинг
610 Ключевые слова 0_
a Ключевые слова международная торговля
610 Ключевые слова 0_
a Ключевые слова лизинг
610 Ключевые слова 0_
a Ключевые слова торгово-посреднические операции
610 Ключевые слова 0_
a Ключевые слова конкурентоспособность
610 Ключевые слова 0_
a Ключевые слова международные расчеты
610 Ключевые слова 0_
a Ключевые слова учебник
a Ключевые слова гриф
a Ключевые слова магистратура
686 Индексы других классификаций __
a Классификационный индекс 65.9(2)8я73
a Классификационный индекс 65.298я73
2 Код системы rubbk
700 Автор _1
a Фамилия Чурсин
b Имя А. А.
g Полное личное имя Александр Александрович
701 Альтернативная интеллектуальная ответственность _1
a Фамилия Муртазалиева
b Имя С. Ю.
e Роль лиц Автор
4 Код отношения 070
801 Источник записи _0
a Страна RU
b Организация РУК
g Правила каталогизации PSBO
801 Источник записи _1
a Страна RU
b Организация РУК
c Дата составления 20251215
g Правила каталогизации PSBO
852 Данные о местонахождении __
i Авторский знак Ч-93
j Шифр хранения 65.9(2)8
901 Тип документа __
t Тип документа m
937 Технологическая информация __
a Создатель записи (имя) Мясникова
938 Служебная информация __
a Название организации Головной вуз
952 Тип литературы __
b Гриф литературы для ВШ гриф
c Вид литературы учебник